Normale Ansicht MARC-Ansicht ISBD

Abschied vom Leuchtturm im Grünen (Titelsatznr. 374350)

[ MARC ]
MARC-Details
000 -Satzkennung
Kontrollfeld mit fester Länge 00752nab a2200193 4500
001 - Kontrollnummer
Kontrollfeld 244442
003 - Kontrollnummer Identifier
Kontrollfeld OSt
005 - Datum und Zeit der letzten Transaktion
Kontrollfeld 20260318104407.0
007 - Feld mit fester Länge zur physischen Beschreibung - Allgemeine Information
Kontrollfeld mit fester Länge tu
008 - Feld mit fester Länge zur physischen Beschreibung - Allgemeine Angaben
Kontrollfeld mit fester Länge 260318s2020|||||||
040 ## - Katalogisierungsquelle
Original-Katalogisierungsstelle DE-2950
Übertragungsstelle DE-2950
245 00 - Titel
Titel Abschied vom Leuchtturm im Grünen
Zusatz zum Titel Letzter Gottesdienst. Das Evangelische Gemeindezentum in Neuberesinchen ist gerade einmal 36 Jahre alt. Im Mai will die Kirche die Immobilie umwidmen und danach verkaufen. In dem vorm Abriss geprägten Stadtteil wird das nicht nicht mehr gebraucht/
Verfasserangabe etc. Ines Weber-Rath
264 ## - Produktion, Veröffentlichung, Distribution, Herstellung und Urheberrechtsvermerk
Datum der Herstellung, der Veröffentlichung, des Vertriebs oder des Urheberschutzvermerks 2026
653 ## - Indexierungsterm - Nicht normiert
Nicht-normierter Term Frankfurt
653 ## - Indexierungsterm - Nicht normiert
Nicht-normierter Term Gemeindezentrum
653 ## - Indexierungsterm - Nicht normiert
Nicht-normierter Term Neuberesinchen
773 0# - Übergeordnete Einheit
Verknüpfungsangaben 37. Jahrgang (2026) Nr. 65 vom 18.03.2026 , S. 15 mit Fotos
Titel Märkische Oderzeitung
942 ## - Zusätzliche Felder (Koha)
Klassifikation oder Aufstellungssystematik Andere/Generische Klassifikation
Koha-Medientyp Aufsätze
Exemplare
Ausgeschieden Verloren Klassifikation oder Aufstellungssystematik Beschädigt Nicht entleihbar Heimatbibliothek Aufenthaltsbibliothek Aufstellungsort Erwerbungsdatum Anzahl Ausleihen Signatur Letzte Aktivität Preis gültig von Koha-Medientyp
    Andere/Generische Klassifikation     Stadtarchiv Frankfurt (Oder) | Archivbibliothek Stadtarchiv Frankfurt (Oder) | Archivbibliothek Magazin 18/03/2026   Z2 18/03/2026 18/03/2026 Aufsätze